000 00766nam a2200217 i 4500
001 41722
003 ES-MaACL
005 20250809151040.0
007 t|
008 030311s1844 sp |||| | spa d
100 1 _aCastellanos de Losada, Basilio Sebastián,
_d1807-1891
_936540
245 1 0 _aCompendio elemental de Arqueología /
_cBasilio Sebastián Castellanos de Losada.
260 _aMadrid :
_b[s.n.],
_c1844 (
_fImp. Vicente Lalama)
300 _a3 v. ;
_c14 cm.
595 _aDisponible en formato digital.
650 7 _aArqueología
_2embne
_99975
852 _aES-MaACL
_jG-3535-37
852 _aES-MaACL
_jD-4015-16
856 _uhttp://bdh-rd.bne.es/viewer.vm?id=0000013255&page=1
_zBiblioteca Digital Hispánica
999 _c41722
_d41722